Adam Ant: Albums by Cover - Statistics

General Stats
  • This quiz has been taken 4 times
  • The average score is 4 of 6
Answer Stats
Picture Hint Answer % Correct
1983 Strip
100%
1995 Wonderful
100%
1982 Friend or Foe
67%
1990 Manners & Physique
67%
2013 Adam Ant Is the Blueblack Hussar in Marrying the Gunner's Daughter
33%
1985 Vive Le Rock
33%
No matching quizzes found
Score Distribution
Percent of People with Each Score
Percentile by Number Answered
Your Score History
You have not taken this quiz